| 000 -LEADER |
| fixed length control field |
nam a22 a 4500 |
| 003 - CONTROL NUMBER IDENTIFIER |
| control field |
AM-YeNLA |
| 005 - DATE AND TIME OF LATEST TRANSACTION |
| control field |
20260209153845.0 |
| 007 - PHYSICAL DESCRIPTION FIXED FIELD--GENERAL INFORMATION |
| fixed length control field |
ta |
| 008 - FIXED-LENGTH DATA ELEMENTS--GENERAL INFORMATION |
| fixed length control field |
260209s2025 ai ||||gr|||||000|0|arm|| |
| 020 ## - INTERNATIONAL STANDARD BOOK NUMBER |
| International Standard Book Number |
978-9939-60-946-1 |
| 040 ## - CATALOGING SOURCE |
| Language of cataloging |
arm |
| Transcribing agency |
AM-YeNLA |
| 041 0# - LANGUAGE CODE |
| Language code of text/sound track or separate title |
arm |
| 100 0# - MAIN ENTRY--PERSONAL NAME |
| 9 (RLIN) |
29972 |
| Personal name |
Գրիգոր Նարեկացի, |
| Dates associated with a name |
940-1003 |
| 245 10 - TITLE STATEMENT |
| Title |
Ներբողներ / |
| Statement of responsibility, etc. |
Աշխարհաբարի վերածեց՝ Տ․ Ասողիկ եպիսկոպոս Արիստակեսյանը ; Խմբագրեց և ծանոթագրեց Հակոբ Քյոսեյանը ; [Սրբագրիչ՝ Սոնա Մինասյան]․ |
| 260 ## - PUBLICATION, DISTRIBUTION, ETC. (IMPRINT) |
| Place of publication, distribution, etc. |
Երևան ։ |
| Name of publisher, distributor, etc. |
ՎՄՎ Պրինտ, |
| Date of publication, distribution, etc. |
2025․ |
| 300 ## - PHYSICAL DESCRIPTION |
| Extent |
160 էջ ; |
| Dimensions |
20,5 սմ․ |
| 650 14 - SUBJECT ADDED ENTRY--TOPICAL TERM |
| Topical term or geographic name as entry element |
Հայ միջնադարյան գրականություն |
| Chronological subdivision |
10-րդ դ․ |
| 650 14 - SUBJECT ADDED ENTRY--TOPICAL TERM |
| Topical term or geographic name as entry element |
Հայկական ներբողներ |
| Chronological subdivision |
10-րդ դ․ |
| 650 14 - SUBJECT ADDED ENTRY--TOPICAL TERM |
| Topical term or geographic name as entry element |
Հայ միջնադարյան պոեզիա |
| 650 14 - SUBJECT ADDED ENTRY--TOPICAL TERM |
| Topical term or geographic name as entry element |
Հայ քնարերգություն |
| 655 0# - INDEX TERM--GENRE/FORM |
| Genre/form data or focus term |
Կրոնական օրեր |
| 9 (RLIN) |
40083 |
| 700 0# - ADDED ENTRY--PERSONAL NAME |
| Personal name |
Ասողիկ, |
| Dates associated with a name |
1959- |
| Relator code |
թարգմ․ |
| 9 (RLIN) |
31150 |
| Titles and other words associated with a name |
եպիսկոպոս, |
| Fuller form of name |
trl |
| 700 1# - ADDED ENTRY--PERSONAL NAME |
| Personal name |
Քյոսեյան, Հակոբ Հովհաննեսի, |
| Dates associated with a name |
1951- |
| Relator term |
խմբ. |
| Relator code |
edt |
| 9 (RLIN) |
32838 |
| 700 1# - ADDED ENTRY--PERSONAL NAME |
| Personal name |
Մինասյան, Սոնա |
| Relator term |
սրբ. |
| Relator code |
crr |
| 942 ## - ADDED ENTRY ELEMENTS (KOHA) |
| Source of classification or shelving scheme |
|
| Koha item type |
Books |